LIBRARY & INFORMATION CENTRE, KCAET, TAVANUR

ONLINE PUBLIC ACCESS CATALOGUE (OPAC)

Process heat transfer / (Record no. 13894)

MARC details
000 -LEADER
fixed length control field 00372cam a22001577a 4500
020 ## - INTERNATIONAL STANDARD BOOK NUMBER
ISBN 1842650467
020 ## - INTERNATIONAL STANDARD BOOK NUMBER
ISBN 9781842650462
082 04 - DEWEY DECIMAL CLASSIFICATION NUMBER
Classification number 621.4022
Item number DAS/PR
100 1# - MAIN ENTRY--AUTHOR NAME
Personal name Das, Sarit K.
245 10 - TITLE STATEMENT
Title Process heat transfer /
260 ## - PUBLICATION, DISTRIBUTION, ETC. (IMPRINT)
Place of publication New Delhi
Name of publisher Narosa Publishing House
Year of publication 2009
300 ## - PHYSICAL DESCRIPTION
Number of Pages xiv, 732 p. :
Other physical details ill. ;
650 #0 - SUBJECT ADDED ENTRY--TOPICAL TERM
Topical Term Heat
650 #4 - SUBJECT ADDED ENTRY--TOPICAL TERM
Topical Term Calor
942 ## - ADDED ENTRY ELEMENTS (KOHA)
Koha item type Books
Holdings
Withdrawn status Lost status Damaged status Collection code Home library Current library Shelving location Date acquired Source of acquisition Full call number Accession Number Koha item type
      Non-fiction KAUAET KAUAET General Stacks 30/03/2013 Calicut Book Distributors 621.4022 DAS/PR 23678 Books
free website counter